000 00585nab#a2200217#c#4500
999 _c53300
_d53300
003 IEF
005 20191205105744.0
008 950704s1976 uuu|| #####0 b| |u
040 _aIEF
_cES-MaIEF
100 1 _aSandmo, Agnar
_939689
245 _aImposición óptima
_buna introducción a la literatura
_c Agnar Sandmo
260 _c1976
500 _aBibliografía
650 4 _aIMPUESTOS
_947460
650 4 _aTEORIAS
_948553
650 4 _aIMPOSICION OPTIMA
_97978
773 0 _tHacienda pública española
_w34570
_g40, p. 25-38
942 _2udc
942 _2udc